000 00888nam a22002177a 4500
999 _c8306
_d8306
003 AR-CdUCM
008 190322b ||||| |||| 00| 0 spa d
040 _aMUNICIPALIDAD PROVINCIAL DEL CUSCO
_cBIBLIOTECA MUNICIPAL DEL CUSCO
082 _a869.7 /
_bUS93
245 _aJuan Vicente Gonzalez :
_bhistoria y pasion de venezuela /
260 _aMéxico :
_bTalleres gráficos de la Nación,
_c1950.
300 _a102 páginas ;
_c19.5 cm.
440 _aUnión panamericana - Washington.
_923342
500 _aDonación familia Nieto.
505 _aContenido : Biografía del general José Félix Ribas -- Mesenianas -- Páes -- A Téofilo E. Rojas -- Andrés Avelino Pinto -- Andrés Bello -- Fermín Toro.
650 _aAnalisis
_92730
650 _aLiteratura venezolana
_96294
700 _aUslar-Pietri, Arturo (selección y prólogo)
_923343
942 _2ddc
_cLIBROS
945 _azta